All Grand Slam Quarterfinalists in the 2010s - Statistics

General Stats
  • This quiz has been taken 118 times
  • The average score is 268 of 320
Answer Stats
Year Tournament Round Player % Correct
F Andy Murray
100%
SF Andy Murray
100%
F Andy Murray
100%
SF Andy Murray
100%
SF Andy Murray
100%
QF Andy Murray
100%
SF Andy Murray
100%
SF Andy Murray
100%
QF Andy Murray
100%
F Andy Murray
100%
2012 US Open W Andy Murray
100%
F Andy Murray
100%
2013 Wimbledon W Andy Murray
100%
QF Andy Murray
100%
QF Andy Murray
100%
SF Andy Murray
100%
QF Andy Murray
100%
QF Andy Murray
100%
F Andy Murray
100%
SF Andy Murray
100%
SF Andy Murray
100%
F Andy Murray
100%
F Andy Murray
100%
2016 Wimbledon W Andy Murray
100%
QF Andy Murray
100%
SF Andy Murray
100%
QF Andy Murray
100%
QF Novak Djokovic
100%
QF Novak Djokovic
100%
SF Novak Djokovic
100%
F Novak Djokovic
100%
2011 Australian Open W Novak Djokovic
100%
SF Novak Djokovic
100%
2011 Wimbledon W Novak Djokovic
100%
2011 US Open W Novak Djokovic
100%
2012 Australian Open W Novak Djokovic
100%
F Novak Djokovic
100%
SF Novak Djokovic
100%
F Novak Djokovic
100%
2013 Australian Open W Novak Djokovic
100%
SF Novak Djokovic
100%
F Novak Djokovic
100%
F Novak Djokovic
100%
QF Novak Djokovic
100%
F Novak Djokovic
100%
2014 Wimbledon W Novak Djokovic
100%
SF Novak Djokovic
100%
2015 Australian Open W Novak Djokovic
100%
F Novak Djokovic
100%
2015 Wimbledon W Novak Djokovic
100%
2015 US Open W Novak Djokovic
100%
2016 Australian Open W Novak Djokovic
100%
2016 Roland Garros W Novak Djokovic
100%
F Novak Djokovic
100%
QF Novak Djokovic
100%
QF Novak Djokovic
100%
QF Novak Djokovic
100%
2018 Wimbledon W Novak Djokovic
100%
2018 US Open W Novak Djokovic
100%
2019 Australian Open W Novak Djokovic
100%
SF Novak Djokovic
100%
2019 Wimbledon W Novak Djokovic
100%
QF Rafael Nadal
100%
2010 Roland Garros W Rafael Nadal
100%
2010 Wimbledon W Rafael Nadal
100%
2010 US Open W Rafael Nadal
100%
QF Rafael Nadal
100%
2011 Roland Garros W Rafael Nadal
100%
F Rafael Nadal
100%
F Rafael Nadal
100%
F Rafael Nadal
100%
2012 Roland Garros W Rafael Nadal
100%
2013 Roland Garros W Rafael Nadal
100%
2013 US Open W Rafael Nadal
100%
F Rafael Nadal
100%
2014 Roland Garros W Rafael Nadal
100%
QF Rafael Nadal
100%
QF Rafael Nadal
100%
F Rafael Nadal
100%
2017 Roland Garros W Rafael Nadal
100%
2017 US Open W Rafael Nadal
100%
QF Rafael Nadal
100%
2018 Roland Garros W Rafael Nadal
100%
SF Rafael Nadal
100%
SF Rafael Nadal
100%
F Rafael Nadal
100%
2019 Roland Garros W Rafael Nadal
100%
SF Rafael Nadal
100%
2019 US Open W Rafael Nadal
100%
2010 Australian Open W Roger Federer
100%
QF Roger Federer
100%
SF Roger Federer
100%
SF Roger Federer
100%
F Roger Federer
100%
QF Roger Federer
100%
SF Roger Federer
100%
SF Roger Federer
100%
SF Roger Federer
100%
2012 Wimbledon W Roger Federer
100%
QF Roger Federer
100%
SF Roger Federer
100%
QF Roger Federer
100%
SF Roger Federer
100%
F Roger Federer
100%
SF Roger Federer
100%
QF Roger Federer
100%
F Roger Federer
100%
F Roger Federer
100%
SF Roger Federer
100%
SF Roger Federer
100%
2017 Australian Open W Roger Federer
100%
2017 Wimbledon W Roger Federer
100%
QF Roger Federer
100%
2018 Australian Open W Roger Federer
100%
QF Roger Federer
100%
SF Roger Federer
100%
F Roger Federer
100%
QF Roger Federer
100%
F Daniil Medvedev
96%
QF Stan Wawrinka
96%
QF Stan Wawrinka
96%
QF Stan Wawrinka
96%
SF Stan Wawrinka
96%
2014 Australian Open W Stan Wawrinka
96%
QF Stan Wawrinka
96%
QF Stan Wawrinka
96%
SF Stan Wawrinka
96%
2015 Roland Garros W Stan Wawrinka
96%
QF Stan Wawrinka
96%
SF Stan Wawrinka
96%
SF Stan Wawrinka
96%
2016 US Open W Stan Wawrinka
96%
SF Stan Wawrinka
96%
F Stan Wawrinka
96%
QF Stan Wawrinka
96%
QF Stan Wawrinka
96%
QF Alexander Zverev
94%
QF Alexander Zverev
94%
QF Juan Martín del Potro
94%
QF Juan Martín del Potro
94%
QF Juan Martín del Potro
94%
SF Juan Martín del Potro
94%
QF Juan Martín del Potro
94%
SF Juan Martín del Potro
94%
SF Juan Martín del Potro
94%
QF Juan Martín del Potro
94%
F Juan Martín del Potro
94%
QF Mischa Zverev
94%
SF David Ferrer
90%
QF David Ferrer
90%
SF David Ferrer
90%
QF David Ferrer
90%
SF David Ferrer
90%
SF David Ferrer
90%
F David Ferrer
90%
QF David Ferrer
90%
QF David Ferrer
90%
QF David Ferrer
90%
QF David Ferrer
90%
QF David Ferrer
90%
QF David Ferrer
90%
QF Kei Nishikori
90%
F Kei Nishikori
90%
QF Kei Nishikori
90%
QF Kei Nishikori
90%
QF Kei Nishikori
90%
SF Kei Nishikori
90%
QF Kei Nishikori
90%
QF Kei Nishikori
90%
SF Kei Nishikori
90%
QF Kei Nishikori
90%
QF Kei Nishikori
90%
QF Kei Nishikori
90%
SF Marin Čilić
90%
QF Marin Čilić
90%
QF Marin Čilić
90%
2014 US Open W Marin Čilić
90%
QF Marin Čilić
90%
SF Marin Čilić
90%
QF Marin Čilić
90%
QF Marin Čilić
90%
F Marin Čilić
90%
F Marin Čilić
90%
QF Marin Čilić
90%
QF Marin Čilić
90%
QF Milos Raonic
90%
SF Milos Raonic
90%
QF Milos Raonic
90%
SF Milos Raonic
90%
F Milos Raonic
90%
QF Milos Raonic
90%
QF Milos Raonic
90%
QF Milos Raonic
90%
QF Milos Raonic
90%
SF Dominic Thiem
86%
SF Dominic Thiem
86%
F Dominic Thiem
86%
QF Dominic Thiem
86%
F Dominic Thiem
86%
SF Stefanos Tsitsipas
86%
QF John Isner
84%
SF John Isner
84%
QF John Isner
84%
SF Jo-Wilfried Tsonga
84%
QF Jo-Wilfried Tsonga
84%
SF Jo-Wilfried Tsonga
84%
QF Jo-Wilfried Tsonga
84%
QF Jo-Wilfried Tsonga
84%
SF Jo-Wilfried Tsonga
84%
QF Jo-Wilfried Tsonga
84%
SF Jo-Wilfried Tsonga
84%
SF Jo-Wilfried Tsonga
84%
QF Jo-Wilfried Tsonga
84%
QF Jo-Wilfried Tsonga
84%
QF Jo-Wilfried Tsonga
84%
SF Tomáš Berdych
84%
F Tomáš Berdych
84%
QF Tomáš Berdych
84%
QF Tomáš Berdych
84%
SF Tomáš Berdych
84%
QF Tomáš Berdych
84%
QF Tomáš Berdych
84%
SF Tomáš Berdych
84%
QF Tomáš Berdych
84%
QF Tomáš Berdych
84%
SF Tomáš Berdych
84%
QF Tomáš Berdych
84%
QF Tomáš Berdych
84%
SF Tomáš Berdych
84%
SF Tomáš Berdych
84%
QF Tomáš Berdych
84%
QF Gaël Monfils
82%
QF Gaël Monfils
82%
QF Gaël Monfils
82%
QF Gaël Monfils
82%
QF Gaël Monfils
82%
SF Gaël Monfils
82%
QF Gaël Monfils
82%
QF Gaël Monfils
82%
QF Kevin Anderson
80%
F Kevin Anderson
80%
F Kevin Anderson
80%
QF Nick Kyrgios
80%
QF Nick Kyrgios
80%
QF Andrey Rublev
78%
SF Richard Gasquet
75%
SF Richard Gasquet
75%
QF Richard Gasquet
75%
QF Richard Gasquet
75%
QF Roberto Bautista Agut
75%
SF Roberto Bautista Agut
75%
F Robin Söderling
75%
QF Robin Söderling
75%
QF Robin Söderling
75%
QF Robin Söderling
75%
QF Robin Söderling
75%
QF Andy Roddick
73%
QF Andy Roddick
73%
QF Grigor Dimitrov
71%
SF Grigor Dimitrov
71%
SF Grigor Dimitrov
71%
QF Grigor Dimitrov
71%
SF Grigor Dimitrov
71%
QF Pablo Carreño Busta
67%
SF Pablo Carreño Busta
67%
SF Matteo Berrettini
65%
QF David Goffin
59%
QF David Goffin
59%
QF David Goffin
59%
QF Diego Schwartzman
59%
QF Diego Schwartzman
59%
QF Diego Schwartzman
59%
QF Gilles Simon
59%
QF Fernando Verdasco
57%
QF Fernando Verdasco
57%
QF Lucas Pouille
57%
QF Lucas Pouille
57%
SF Lucas Pouille
57%
QF Fabio Fognini
53%
SF Ernests Gulbis
51%
QF Karen Khachanov
51%
QF Feliciano López
49%
QF Feliciano López
49%
QF Nikolay Davydenko
49%
QF Sam Querrey
49%
SF Sam Querrey
49%
QF Sam Querrey
49%
QF Sam Querrey
49%
QF Frances Tiafoe
47%
SF Kyle Edmund
47%
SF Hyeon Chung
43%
SF Jürgen Melzer
41%
QF Tommy Haas
41%
QF Janko Tipsarević
39%
QF Janko Tipsarević
39%
QF Nicolás Almagro
39%
QF Nicolás Almagro
39%
QF Nicolás Almagro
39%
QF Philipp Kohlschreiber
39%
QF Tommy Robredo
39%
QF Tommy Robredo
39%
SF Jerzy Janowicz
37%
QF Bernard Tomic
35%
QF Mikhail Youzhny
33%
SF Mikhail Youzhny
33%
QF Mikhail Youzhny
33%
QF Mikhail Youzhny
33%
QF Vasek Pospisil
31%
QF Guido Pella
29%
QF Albert Ramos-Viñolas
27%
QF Alexandr Dolgopolov
27%
SF Marco Cecchinato
27%
QF Gilles Müller
24%
QF Tennys Sandgren
24%
QF John Millman
20%
QF Łukasz Kubot
20%
QF Florian Mayer
18%
QF Jérémy Chardy
16%
QF Juan Ignacio Chela
10%
QF Yen-Hsun Lu
8%
No matching quizzes found
Score Distribution
Percent of People with Each Score
Percentile by Number Answered
Your Score History
You have not taken this quiz